000
00337 a2200157 4500
001
153388
040
_c
Escola São Tomás de Aquino
100
_a
JAF, Ivan
240
1
0
_a
Guerra é guerra
_l
por
245
1
0
_a
Guerra é guerra
300
_a
176
362
0
_a
2013
440
1
_a
Ática
697
_a
*LITERATURA JUVENIL
942
_c
BK
999
_c
153388
_d
153388